000 00470nam a22001817a 4500
005 20260121121322.0
008 260121b |||||||| |||| 00| 0 eng d
020 _a9789391820732
_c525.00
040 _aMAIN
041 _aEnglish
082 _a339.01
_bMIS
100 _aMishra, Amritkant
_925989
245 _aModern Macroeconomics
_b: Bridging Concepts to Realities
260 _aNew Delhi
_bS. Chand
_c2025
300 _a571
650 _aCommerce
942 _cBK
999 _c60022
_d60022